| 000 | 01123nam a22002777a 4500 | ||
|---|---|---|---|
| 001 | 5376 | ||
| 003 | FISKH | ||
| 005 | 20250826092013.0 | ||
| 008 | 241129b cb ||||| |||| 00| 0 eng d | ||
| 020 | _a9780531213582 | ||
| 040 |
_aFISKH _beng _cFISKH _dFISKH |
||
| 050 | _aDS70.F75 | ||
| 082 | _a956.7 | ||
| 100 | _aFriedman, Mel | ||
| 245 |
_aIraq / _cby Mel Friedman |
||
| 260 |
_aNew York : _bChildren's Press ; _c2009 . |
||
| 300 |
_a48 pages : _bcolor illustrations ; _c22 cm . |
||
| 490 | _aA True Book | ||
| 505 | _aU | ||
| 520 | _a Clean new design for easy readability and comprehension- Updated text presented in a lively, continuous narrative- New center-spread sidebar feature presenting material in a fun, creative way- Excellent age-appropriate introduction to curriculum-relevant subjects- Important Words glossary clarifies subject-specific vocabulary- Resources section encourages independent study- Index makes navigating subject matter easy | ||
| 521 | 8 |
_a840
_bLexile |
|
| 521 | 8 |
_aU
_bRaz-Plus |
|
| 650 |
_aIraq _vJuvenile literature |
||
| 942 |
_2ddc _cBK _n0 |
||
| 999 |
_c5376 _d5376 |
||